Statistics for Countries with Kelp Forests

Click here to take the quiz!

General Stats

  • This quiz has been taken 26 times
  • The average score is 18 of 22

Answers on the Map

Answers color-coded by a green-red scale on the quiz's map according to % correct below.
 

Answer Stats

Country% Correct
Canada
100%
Mexico
100%
United States
100%
Australia
96%
Japan
96%
New Zealand
96%
Chile
91%
Spain
91%
United Kingdom
91%
Argentina
87%
France
87%
Norway
87%
Russia
87%
South Africa
83%
Iceland
78%
Ireland
78%
Portugal
78%
Ecuador
74%
Peru
74%
Namibia
61%
Uruguay
48%
Mozambique
39%

Score Distribution

Percentile by Number Answered

Percent of People with Each Score

Your Score History

You have not taken this quiz